000 00336nam a2200133Ia 4500
008 240624s9999 xx 000 0 und d
041 _aeng
082 _a658.4012 LOR
100 _aLORANGE PETER
245 _aFROM GREAT TO GONE WHY FMCG COMPANIES AR
260 _c2014
_aNew Delhi
_bRoutledge
300 _a174 : p.
365 _cBPS
_b31
999 _c28695
_d28695